[Event "Hold-DM i hurtigskak 2025"]
[Site "Middelfart"]
[Date "2025.06.08"]
[Round "1.1"]
[White "Fedder, Steen"]
[Black "Medhus, Vitus Bondo"]
[Result "0-1"]
[WhiteElo "2406"]
[BlackElo "2309"]
[EventDate "2025.06.08"]
[EventType "team-tourn"]
[EventRounds "6"]
[EventCountry "DEN"]
[SourceTitle "Live v. Kasper Jerwiarz"]
[WhiteTeam "FOHR"]
[BlackTeam "Skakklubben Evans"]

1. d4 d5 2. c4 e6 3. Nf3 Nf6 4. g3 dxc4 5. Qa4+ Nbd7 6. Bg2 a6 7. Nc3 Bd6 8. e4 Be7 9. O-O O-O 10. Qxc4 b5 11. Qe2 Bb7 12. Ne5 Nxe5 13. dxe5 Nd7 14. Rd1 Qc8 15. f4 b4 16. Na4 Qe8 17. b3 Bc6 18. Nb2 Bb5 19. Qf2 f6 20. exf6 Nxf6 21. h3 e5 22. f5 Rd8 23. Be3 Bc6 24. Qc2 Rxd1+ 25. Nxd1 Bd6 26. Nf2 Bb7 27. Rc1 Nh5 28. Kh2 Nf4 29. Bf3 Ne6 30. Qc4 Kh8 31. Bg2 Nd4 32. Bxd4 exd4 33. Qxd4 Qe7 34. Nd3 Qg5 35. Qf2 Bc8 36. Re1 h5 37. e5 Rxf5 38. exd6 Rxf2 39. Re8+ Kh7 40. Nxf2 cxd6 41. Rxc8 Qd2 42. Be4+ g6 43. Rc2 Qd4 44. h4 d5 45. Bf3 Qe5 46. Nh3 a5 47. Ng5+ Kg7 48. Re2 Qa1 49. Bxd5 Qd1 50. Bf3 Qa1 51. Kg2 Qb1 52. Ne6+ Kf6 53. Nf4 Kg7 54. Re7+ Kg8 55. Bd5+ Kf8 56. Rf7+ Ke8 57. Rh7 g5 58. Bc6+ Kf8 59. Ne6+ Kg8 60. Rg7+ Kh8 61. Rxg5 Qc2+ 62. Kh3 Qxc6 63. Nf4 Qh1# 0-1

[Event "Hold-DM i hurtigskak 2025"]
[Site "Middelfart"]
[Date "2025.06.08"]
[Round "1.2"]
[White "Skaanning Pedersen, Kim Henrik"]
[Black "Hansen, Jacob Ost"]
[Result "1/2-1/2"]
[WhiteElo "2271"]
[BlackElo "2328"]
[EventDate "2025.06.08"]
[EventType "team-tourn"]
[EventRounds "6"]
[EventCountry "DEN"]
[SourceTitle "Live v. Kasper Jerwiarz"]
[WhiteTeam "Skakklubben Evans"]
[BlackTeam "FOHR"]

1. e4 c5 2. Nc3 e6 3. f4 a6 4. g3 Nc6 5. Bg2 g6 6. Nf3 Bg7 7. O-O d5 8. e5 Nge7 9. d4 cxd4 10. Nxd4 Nxd4 11. Qxd4 Bd7 12. Qf2 O-O 13. Be3 Rc8 14. Bb6 Qe8 15. Bc5 f6 16. exf6 Bxf6 17. Bd4 Bxd4 18. Qxd4 b5 19. a3 Rc4 20. Qd2 Qc8 21. Rf2 Nf5 22. Rd1 Rd8 23. Nxd5 exd5 24. Bxd5+ Kg7 25. Bxc4 bxc4 26. Qd5 Qc7 27. Rfd2 Qb6+ 28. Rd4 Nxd4 29. Rxd4 c3 30. bxc3 Qb1+ 31. Rd1 Qb6+ 32. Rd4 Kf8 33. h4 Ke7 34. Qe5+ Be6 35. Qg7+ Bf7 36. Qe5+ Kf8 37. Kh2 Re8 38. Qh8+ Bg8 39. Rd2 Re1 40. Rg2 Qd6 41. Qd4 Qxd4 42. cxd4 Ke7 43. c3 Bd5 44. Rg1 Re2+ 45. Kh3 Be6+ 46. g4 h5 47. f5 gxf5 48. gxf5 Bxf5+ 49. Kg3 Be6 50. Kf4 Kf6 51. Rg5 Bg4 52. Ra5 Rc2 53. Rxa6+ Ke7 54. Rc6 Kd7 55. Rc5 Kd6 56. a4 Ra2 57. a5 Ra3 58. Ke3 1/2-1/2

[Event "Hold-DM i hurtigskak 2025"]
[Site "Middelfart"]
[Date "2025.06.08"]
[Round "1.3"]
[White "Hoi, Carsten"]
[Black "Kristensen, Frank Bitsch"]
[Result "1-0"]
[WhiteElo "2320"]
[BlackElo "1996"]
[EventDate "2025.06.08"]
[EventType "team-tourn"]
[EventRounds "6"]
[EventCountry "DEN"]
[SourceTitle "Live v. Kasper Jerwiarz"]
[WhiteTeam "FOHR"]
[BlackTeam "Skakklubben Evans"]

1. d4 d5 2. c4 c6 3. Nf3 Nf6 4. Nc3 g6 5. e3 Bg7 6. Bd3 O-O 7. h3 Nbd7 8. O-O Re8 9. cxd5 cxd5 10. Qb3 Nb6 11. a4 a6 12. a5 Nbd7 13. Nxd5 e6 14. Nxf6+ Nxf6 15. e4 h6 16. Be3 g5 17. Ne5 Nd7 18. Nc4 Nf8 19. e5 Bd7 20. Nd6 Bc6 21. Nxe8 Qxe8 22. f3 Rd8 23. Be4 Ng6 24. Rac1 Bb5 25. Rf2 Bf8 26. Rc7 Nf4 27. Bxf4 gxf4 28. Qc3 Rd7 29. Rxd7 Qxd7 30. Rd2 Qd8 31. d5 Qh4 32. Rd1 exd5 33. Bxd5 Be2 34. Qe1 Bc5+ 35. Kh1 Qxe1+ 36. Rxe1 Bb5 37. e6 fxe6 38. Rxe6 Kg7 39. Bxb7 1-0

[Event "Hold-DM i hurtigskak 2025"]
[Site "Middelfart"]
[Date "2025.06.08"]
[Round "1.4"]
[White "Medhus, Jesper Bondo"]
[Black "Rosenlund, Thorbjorn"]
[Result "0-1"]
[WhiteElo "1549"]
[BlackElo "2029"]
[EventDate "2025.06.08"]
[EventType "team-tourn"]
[EventRounds "6"]
[EventCountry "DEN"]
[SourceTitle "Live v. Kasper Jerwiarz"]
[WhiteTeam "Skakklubben Evans"]
[BlackTeam "FOHR"]

1. e4 c6 2. Nf3 d5 3. d3 Qc7 4. e5 Bg4 5. d4 e6 6. h3 Bxf3 7. Qxf3 c5 8. Bb5+ Nc6 9. c3 Nge7 10. O-O Qb6 11. Bxc6+ Nxc6 12. Nd2 cxd4 13. Nb3 dxc3 14. Qxc3 Qb4 15. Bd2 Qxc3 16. Bxc3 Be7 17. f4 O-O 18. g3 Bb4 19. Rac1 Rfc8 20. Kg2 Kf8 21. Rf3 Ke8 22. a3 Bxc3 23. Rfxc3 Ne7 24. Nc5 b6 25. Nb7 Kd7 26. g4 Rxc3 27. Rxc3 Nc8 28. f5 Rb8 29. fxe6+ fxe6 30. Nd6 Nxd6 31. exd6 Kxd6 32. h4 d4 33. Rc4 e5 34. Kf3 Rf8+ 35. Kg3 Rf7 36. b4 Kd5 37. Rc8 d3 38. h5 Ke4 0-1

[Event "Hold-DM i hurtigskak 2025"]
[Site "Middelfart"]
[Date "2025.06.08"]
[Round "1.1"]
[White "Hagen, Andreas Skytte"]
[Black "Sylvan, Jacob"]
[Result "1/2-1/2"]
[WhiteElo "2330"]
[BlackElo "2353"]
[EventDate "2025.06.08"]
[EventType "team-tourn"]
[EventRounds "6"]
[EventCountry "DEN"]
[SourceTitle "Live v. Kasper Jerwiarz"]
[WhiteTeam "Naestved Skakklub"]
[BlackTeam "Nordkalotten"]

1. c4 g6 2. g3 Bg7 3. Bg2 c5 4. Nc3 Nc6 5. Nf3 e5 6. O-O Nge7 7. a3 a5 8. Ne1 d6 9. Nc2 Be6 10. Ne3 h5 11. Ned5 h4 12. d3 Nf5 13. Rb1 Rb8 14. b4 axb4 15. axb4 Nxb4 16. Nxb4 cxb4 17. Rxb4 hxg3 18. hxg3 Bh6 19. Rxb7 Rxb7 20. Bxb7 Bxc1 21. Qxc1 Nxg3 22. fxg3 Qb6+ 23. Rf2 Qxb7 24. Rh2 Qb6+ 25. e3 Rxh2 26. Kxh2 Qb3 27. Qd2 f5 28. e4 f4 29. gxf4 exf4 30. Ne2 Qb7 31. Nxf4 Qh7+ 32. Kg3 Qh6 33. Qh2 Qg5+ 34. Kf3 Bg4+ 35. Ke3 Bh5 36. Qg2 Qc5+ 37. d4 Qxc4 38. Nxh5 Qc3+ 39. Kf4 Qc1+ 40. Kf3 Qd1+ 41. Ke3 Qxh5 42. Qg3 Ke7 43. e5 dxe5 44. Qxe5+ Qxe5+ 45. dxe5 Ke6 46. Ke4 1/2-1/2

[Event "Hold-DM i hurtigskak 2025"]
[Site "Middelfart"]
[Date "2025.06.08"]
[Round "1.2"]
[White "Hove, Esben Kjems"]
[Black "Winther Jorgensen, Niclas Alexander"]
[Result "1-0"]
[WhiteElo "2303"]
[BlackElo "2076"]
[EventDate "2025.06.08"]
[EventType "team-tourn"]
[EventRounds "6"]
[EventCountry "DEN"]
[SourceTitle "Live v. Kasper Jerwiarz"]
[WhiteTeam "Nordkalotten"]
[BlackTeam "Naestved Skakklub"]

1. d4 Nf6 2. Bf4 c6 3. Nd2 g6 4. c3 Bg7 5. Ngf3 O-O 6. e4 d6 7. Be2 Bg4 8. h3 Bxf3 9. Bxf3 Nbd7 10. O-O Ne8 11. Qb3 Qc7 12. Rad1 a5 13. a4 Rb8 14. Be2 e5 15. dxe5 dxe5 16. Be3 Nef6 17. Bf3 b5 18. Qa2 Rfd8 19. axb5 cxb5 20. Nb3 a4 21. Nc1 Nc5 22. Rxd8+ Rxd8 23. Be2 Qc6 24. f3 Nh5 25. Kh2 Bf6 26. Rd1 Rxd1 27. Bxd1 Bh4 28. Qd5 Qxd5 29. exd5 Nb7 30. Nd3 f6 31. Nb4 Nd6 32. Be2 Bg3+ 33. Kg1 Bf4 34. Bc5 Ng3 35. Kf2 Nxe2 36. Kxe2 Nc4 37. d6 e4 38. d7 exf3+ 39. gxf3 Bc7 40. Nd5 Bd8 41. Be7 1-0

[Event "Hold-DM i hurtigskak 2025"]
[Site "Middelfart"]
[Date "2025.06.08"]
[Round "1.3"]
[White "Lindholdt, Malik"]
[Black "Kristensen, Kaare Hove"]
[Result "0-1"]
[WhiteElo "2128"]
[BlackElo "2272"]
[EventDate "2025.06.08"]
[EventType "team-tourn"]
[EventRounds "6"]
[EventCountry "DEN"]
[SourceTitle "Live v. Kasper Jerwiarz"]
[WhiteTeam "Naestved Skakklub"]
[BlackTeam "Nordkalotten"]

1. e4 c5 2. Nf3 Nf6 3. Nc3 e6 4. e5 Nd5 5. Nxd5 exd5 6. d4 Nc6 7. c3 cxd4 8. cxd4 d6 9. Bd3 Bg4 10. exd6 Bxd6 11. Qe2+ Qe7 12. Qxe7+ Bxe7 13. Be3 Bxf3 14. gxf3 Bb4+ 15. Ke2 O-O 16. Bb5 Rfe8 17. Kd3 Re6 18. Rac1 a6 19. Ba4 b5 20. Bb3 Rd8 21. Bg5 f6 22. Bf4 Be7 23. Rhe1 Rxe1 24. Rxe1 Kf7 25. Rc1 Na5 26. Rc7 Nc4 27. Kc3 g5 28. Be3 Ke6 29. a4 Rd6 30. axb5 axb5 31. Rb7 Rc6 32. Bxc4 bxc4 33. f4 g4 34. Rb5 f5 35. Rb7 h5 36. Rb5 Ra6 37. Rb7 h4 38. b3 cxb3 39. Kxb3 Ra1 40. Rb6+ Kf7 41. Rb5 Ke6 42. Rb6+ Bd6 43. Kc2 Rh1 44. Bd2 Kd7 45. Rb7+ Kc6 46. Rf7 Rxh2 47. Rxf5 g3 48. fxg3 Bb4 49. Rf6+ Kb5 50. gxh4 Rxd2+ 51. Kc1 Rxd4 52. h5 Bd2+ 53. Kc2 Bxf4 54. h6 Be5 55. Re6 Re4 56. h7 Bd4 57. Rh6 Re8 58. Kd3 Bh8 59. Rh5 Kc5 60. Rh1 Ra8 61. Rc1+ Kd6 62. Rb1 Ra7 63. Rb6+ Kc5 64. Rb8 Rxh7 65. Rc8+ Kd6 66. Ra8 Rh3+ 67. Kd2 Be5 68. Ra6+ Kc5 69. Ra5+ Kc4 70. Ra4+ Kb5 71. Rg4 d4 72. Rg5 Re3 73. Rg8 Kc4 74. Rc8+ Kd5 75. Rd8+ Bd6 76. Rc8 Rh3 77. Re8 Bb4+ 78. Kd1 Kc4 79. Rb8 d3 80. Rc8+ Kb3 81. Rb8 Rh1# 0-1

[Event "Hold-DM i hurtigskak 2025"]
[Site "Middelfart"]
[Date "2025.06.08"]
[Round "1.4"]
[White "Nielsen, Lars Aaes"]
[Black "Christensen, Thomas"]
[Result "1/2-1/2"]
[WhiteElo "2223"]
[BlackElo "2123"]
[EventDate "2025.06.08"]
[EventType "team-tourn"]
[EventRounds "6"]
[EventCountry "DEN"]
[SourceTitle "Live v. Kasper Jerwiarz"]
[WhiteTeam "Nordkalotten"]
[BlackTeam "Naestved Skakklub"]

1. e4 c5 2. c3 d5 3. exd5 Qxd5 4. d4 Nf6 5. Nf3 cxd4 6. Qxd4 Nc6 7. Qxd5 Nxd5 8. Bc4 Nb6 9. Bb3 Bg4 10. Be3 Bxf3 11. gxf3 e6 12. Nd2 Nd5 13. Ke2 Bd6 14. Rad1 Nf4+ 15. Bxf4 Bxf4 16. Nc4 Ke7 17. Ba4 Rac8 18. h3 Rhd8 19. Rxd8 Rxd8 20. Bxc6 bxc6 21. Rd1 Rb8 22. b3 Bc7 23. Ke3 Rb5 24. b4 Rh5 25. Rh1 Rh4 26. Nd2 Bf4+ 27. Ke2 Bxd2 28. Kxd2 Kd6 29. Ke3 Rc4 30. Kd3 Rh4 31. Ke3 g6 32. Rd1+ Ke7 33. Rh1 Kd6 1/2-1/2

[Event "Hold-DM i hurtigskak 2025"]
[Site "Middelfart"]
[Date "2025.06.08"]
[Round "1.1"]
[White "Skonnord, Uno"]
[Black "Thorsbro, Peter"]
[Result "1-0"]
[WhiteElo "2172"]
[BlackElo "2220"]
[EventDate "2025.06.08"]
[EventType "team-tourn"]
[EventRounds "6"]
[EventCountry "DEN"]
[SourceTitle "Live v. Kasper Jerwiarz"]
[WhiteTeam "OBRO"]
[BlackTeam "Fureso"]

1. e4 c6 2. d4 d5 3. Nc3 dxe4 4. Nxe4 Bf5 5. Ng3 Bg6 6. h4 h6 7. Bc4 e6 8. N1e2 Bd6 9. Nf4 Bxf4 10. Bxf4 Nf6 11. c3 O-O 12. h5 Bh7 13. O-O Nbd7 14. Bb3 Re8 15. Qe2 c5 16. Rad1 cxd4 17. cxd4 Nb6 18. Be5 Qe7 19. Rfe1 Rac8 20. Qf3 Nbd5 21. Bxf6 Nxf6 22. d5 e5 23. d6 Qd7 24. Rd2 Rc5 25. Qe3 Rec8 26. Red1 a5 27. a3 a4 28. Ba2 e4 29. Bd5 Nxd5 30. Rxd5 Rxd5 31. Rxd5 Qe6 32. d7 Rd8 33. Qd4 f6 34. Rd6 Qe7 35. Qd5+ Kf8 36. Ne2 Bg8 37. Qd4 Bf7 38. Nc3 Bxh5 39. Nxe4 Bf7 40. Nc5 Qe1+ 41. Kh2 Qe5+ 42. Qxe5 fxe5 43. Nxb7 Ke7 44. Nxd8 Kxd8 45. Kg3 Bc4 46. Kf3 Bb5 47. Ke4 Bxd7 48. Kxe5 Ke7 49. Rg6 Kf7 50. Ra6 Bb5 51. Ra5 Be8 52. Kd6 Kg6 53. Ke7 Bc6 54. Ra6 1-0

[Event "Hold-DM i hurtigskak 2025"]
[Site "Middelfart"]
[Date "2025.06.08"]
[Round "1.2"]
[White "Bogo, Soren"]
[Black "Boje, Tobias Rosholm"]
[Result "1-0"]
[WhiteElo "2193"]
[BlackElo "2005"]
[EventDate "2025.06.08"]
[EventType "team-tourn"]
[EventRounds "6"]
[EventCountry "DEN"]
[SourceTitle "Live v. Kasper Jerwiarz"]
[WhiteTeam "Fureso"]
[BlackTeam "OBRO"]

1. d4 d5 2. c4 e6 3. Nc3 Nf6 4. cxd5 exd5 5. Bg5 c6 6. e3 Be7 7. Qc2 O-O 8. Bd3 h6 9. Bh4 Re8 10. Nge2 a5 11. O-O Na6 12. a3 Bd6 13. Bg3 Bxg3 14. Nxg3 Nc7 15. b4 axb4 16. axb4 Qd6 17. Rxa8 Nxa8 18. b5 c5 19. dxc5 Qxc5 20. Nge2 Nb6 21. Nd4 Bd7 22. Rc1 Rc8 23. Qb3 Ne4 24. Bxe4 dxe4 25. h3 Qe5 26. Ra1 Be8 27. Ra7 Qb8 28. Ra2 Qe5 29. Nce2 Rc5 30. Ra5 Kh7 31. Qb4 Nc4 32. Ra8 Nd6 33. b6 Bb5 34. Ra5 Rc4 35. Rxb5 Qxb5 36. Qxd6 Qb1+ 37. Kh2 Qe1 38. Qf4 Rb4 39. Ng3 Rxb6 40. Nxe4 Rg6 41. Qxf7 Qf1 42. Qf3 b5 43. Ng3 Qa1 44. Nxb5 Qe5 45. Nd4 Rf6 46. Qe4+ Qxe4 47. Nxe4 Ra6 48. g4 g5 49. Kg3 Kg6 50. Nf5 h5 51. Nc5 Ra5 52. Nd7 hxg4 53. hxg4 Ra1 54. Ne5+ Kf6 55. Nf3 Ra2 56. Nd6 Ra4 57. Nb5 Rb4 58. Nc3 Rc4 59. Ne2 Ra4 60. Ned4 Rb4 61. Nd2 Kg6 62. Ne4 Ra4 63. Kf3 Rb4 64. Ne6 1-0

[Event "Hold-DM i hurtigskak 2025"]
[Site "Middelfart"]
[Date "2025.06.08"]
[Round "1.3"]
[White "Durrfeld, Sofie Bech"]
[Black "Damm, Kasper Wilken"]
[Result "1/2-1/2"]
[WhiteElo "1820"]
[BlackElo "2185"]
[EventDate "2025.06.08"]
[EventType "team-tourn"]
[EventRounds "6"]
[EventCountry "DEN"]
[SourceTitle "Live v. Kasper Jerwiarz"]
[WhiteTeam "OBRO"]
[BlackTeam "Fureso"]

1. e4 c5 2. Nc3 Nc6 3. Bb5 Nd4 4. Nf3 Nxb5 5. Nxb5 a6 6. Nc3 d6 7. d4 cxd4 8. Qxd4 Nf6 9. O-O e5 10. Qd3 Be7 11. Bg5 Be6 12. Bxf6 gxf6 13. Nd2 b5 14. a4 Rb8 15. axb5 axb5 16. Nxb5 Qb6 17. Nc3 O-O 18. b3 Rfc8 19. Nc4 Bxc4 20. bxc4 Qc6 21. Nd5 Bd8 22. Ne3 Kf8 23. Nf5 Bb6 24. Qh3 Bc5 25. Qh6+ Ke8 26. Qxf6 Rb7 27. Ng7+ Kf8 28. Qh6 Qxe4 29. Nf5+ Ke8 30. Nxd6+ Bxd6 31. Qxd6 Rd7 32. Qf6 Qxc4 33. Qh8+ Ke7 34. Qxe5+ Qe6 35. Qg5+ Kf8 36. Rfe1 Qg6 37. Qb5 Rdc7 38. Ra6 Qxc2 39. h3 Qc4 40. Qa5 Rc5 41. Qa3 Kg8 42. Qg3+ Kh8 43. Raa1 Rg8 44. Qf3 Rcg5 45. Qf6+ R5g7 46. Rac1 Qd5 47. g3 Qh5 48. Kh2 Qg6 49. Qe5 h6 50. Rcd1 Kh7 51. Rd6 Qg5 52. Qe4+ f5 53. Qd4 h5 54. Ree6 Rg6 55. Rxg6 Rxg6 56. Rxg6 Qxg6 57. h4 Qf7 58. Qf4 Qg6 59. Kg2 Qf7 60. Qg5 Qd5+ 61. Kh2 Qf3 62. Qe7+ Kg6 63. Qe6+ Kg7 64. Qe5+ Kg6 65. Qe3 Qxe3 66. fxe3 Kf6 67. Kg2 Ke6 68. Kf2 Kd5 69. Kf3 Ke5 70. Kf2 Kd5 71. Ke1 Ke4 72. Ke2 Kd5 73. Kd3 Ke5 74. Ke2 Ke4 75. Kf2 Kd5 76. Kf3 Ke5 77. Kf2 1/2-1/2

[Event "Hold-DM i hurtigskak 2025"]
[Site "Middelfart"]
[Date "2025.06.08"]
[Round "1.4"]
[White "Sorensen, Reto Utiger"]
[Black "Knudsen, Joachim Holm"]
[Result "0-1"]
[WhiteElo "2062"]
[BlackElo "1828"]
[EventDate "2025.06.08"]
[EventType "team-tourn"]
[EventRounds "6"]
[EventCountry "DEN"]
[SourceTitle "Live v. Kasper Jerwiarz"]
[WhiteTeam "Fureso"]
[BlackTeam "OBRO"]

1. c4 e6 2. Nf3 d5 3. g3 dxc4 4. Bg2 Nf6 5. O-O c5 6. Na3 Nc6 7. Nxc4 Be7 8. d3 O-O 9. Bd2 Bd7 10. Rc1 Rc8 11. Re1 b5 12. Na3 a6 13. Be3 Nb4 14. Qb3 a5 15. Ne5 a4 16. Qd1 Nfd5 17. Bd2 Nxa2 18. Ra1 Nab4 19. b3 Bf6 20. Nxd7 Qxd7 21. Rb1 Ra8 22. Qc1 Rac8 23. Bg5 Bc3 24. Rd1 Na2 25. e4 Nxc1 26. Rdxc1 Bb4 0-1

[Event "Hold-DM i hurtigskak 2025"]
[Site "Middelfart"]
[Date "2025.06.08"]
[Round "2.1"]
[White "Sylvan, Jacob"]
[Black "Jacobsen, Mikkel Manosri"]
[Result "1/2-1/2"]
[WhiteElo "2353"]
[BlackElo "2268"]
[EventDate "2025.06.08"]
[EventType "team-tourn"]
[EventRounds "6"]
[EventCountry "DEN"]
[SourceTitle "Live v. Kasper Jerwiarz"]
[WhiteTeam "Nordkalotten"]
[BlackTeam "BMS"]

1. d4 d5 2. c4 e6 3. g3 Bb4+ 4. Nd2 Nf6 5. Bg2 O-O 6. Ngf3 dxc4 7. O-O b5 8. a3 Bxd2 9. Bxd2 Bb7 10. b3 cxb3 11. Qxb3 a6 12. Bb4 Re8 13. Rfd1 Bd5 14. Qb2 Nbd7 15. Rac1 Nb6 16. Ne5 Qc8 17. Qb1 Bxg2 18. Kxg2 Qb7+ 19. f3 Nfd7 20. Nxd7 Nxd7 21. e4 Nb6 22. Ba5 Rab8 23. Rc5 Nc4 24. Rxc7 Qa8 25. Bd2 Nxa3 26. Qc1 Nc4 27. Bh6 gxh6 28. Qxh6 Rb7 29. Qg5+ Kf8 30. Qh6+ Kg8 1/2-1/2

[Event "Hold-DM i hurtigskak 2025"]
[Site "Middelfart"]
[Date "2025.06.08"]
[Round "2.2"]
[White "Kistrup, Nicolai"]
[Black "Hove, Esben Kjems"]
[Result "1/2-1/2"]
[WhiteElo "2430"]
[BlackElo "2303"]
[EventDate "2025.06.08"]
[EventType "team-tourn"]
[EventRounds "6"]
[EventCountry "DEN"]
[SourceTitle "Live v. Kasper Jerwiarz"]
[WhiteTeam "BMS"]
[BlackTeam "Nordkalotten"]

1. e4 c6 2. d4 d5 3. exd5 cxd5 4. Bd3 Nf6 5. c3 Nc6 6. Bf4 Bg4 7. Qb3 Na5 8. Qa4+ Bd7 9. Qc2 e6 10. Nd2 Rc8 11. Ngf3 Be7 12. Ne5 Nc6 13. Nxc6 Bxc6 14. O-O h6 15. Nf3 O-O 16. Rae1 Qe8 17. Qe2 a6 18. Ne5 Bb5 19. Bxb5 Qxb5 20. Qxb5 axb5 21. a3 Ne4 22. f3 Nd6 23. Re2 Nc4 24. Nd3 Bd6 25. Bxd6 Nxd6 26. Rfe1 g6 27. g4 Kg7 28. Kg2 Nc4 29. Kg3 Rc7 30. h4 Re8 31. Nf4 Rec8 32. Nd3 Rd8 33. h5 gxh5 34. Nf4 hxg4 35. fxg4 Rc6 36. Nh5+ Kf8 37. Rf1 Nd6 38. Nf6 Kg7 39. Nh5+ Kf8 40. Nf6 Kg7 41. Nh5+ Kf8 1/2-1/2

[Event "Hold-DM i hurtigskak 2025"]
[Site "Middelfart"]
[Date "2025.06.08"]
[Round "2.3"]
[White "Kristensen, Kaare Hove"]
[Black "Falkesgaard, Jeppe Hald"]
[Result "1/2-1/2"]
[WhiteElo "2272"]
[BlackElo "2249"]
[EventDate "2025.06.08"]
[EventType "team-tourn"]
[EventRounds "6"]
[EventCountry "DEN"]
[SourceTitle "Live v. Kasper Jerwiarz"]
[WhiteTeam "Nordkalotten"]
[BlackTeam "BMS"]

1. Nf3 c5 2. c4 Nf6 3. e3 g6 4. d4 Bg7 5. Nc3 O-O 6. Be2 cxd4 7. exd4 d5 8. O-O Nc6 9. Be3 Bf5 10. Rc1 Rc8 11. c5 Ng4 12. Bf4 e5 13. dxe5 d4 14. Nb5 d3 15. Nd6 dxe2 16. Qxe2 Rc7 17. h3 Ngxe5 18. Nxe5 Nxe5 19. Bxe5 Re7 20. f4 f6 21. Nxf5 gxf5 22. Qc4+ Kh8 23. Bd6 Re4 24. Qd5 Qd7 25. c6 bxc6 26. Qxc6 Qxc6 27. Rxc6 Rd8 28. b4 Re2 29. Rfc1 Re6 30. Bc7 Rxc6 31. Rxc6 Rd1+ 32. Kh2 Bf8 33. b5 Kg7 34. Bb8 Rd5 35. a4 Rd4 36. Rc7+ Kg6 37. Rxa7 Bc5 38. Ra6 Rd1 39. g4 Rd2+ 40. Kg3 Rd3+ 41. Kg2 Rd2+ 42. Kf1 fxg4 43. hxg4 h5 44. g5 Kf5 45. gxf6 Kg4 46. f7 Kf3 47. Re6 Rd1+ 48. Re1 Rd2 49. Re5 Rd1+ 50. Re1 Rd2 51. f8=Q Bxf8 52. f5 Bc5 53. Re5 Rd1+ 54. Re1 Rd2 55. Re5 Rd1+ 56. Re1 Rd2 57. Re5 Rd1+ 1/2-1/2

[Event "Hold-DM i hurtigskak 2025"]
[Site "Middelfart"]
[Date "2025.06.08"]
[Round "2.4"]
[White "Jalving, August"]
[Black "Jakobsen, Peter"]
[Result "1-0"]
[WhiteElo "2014"]
[BlackElo "2164"]
[EventDate "2025.06.08"]
[EventType "team-tourn"]
[EventRounds "6"]
[EventCountry "DEN"]
[SourceTitle "Live v. Kasper Jerwiarz"]
[WhiteTeam "BMS"]
[BlackTeam "Nordkalotten"]

1. e4 e5 2. Nf3 Nc6 3. Bb5 a6 4. Ba4 Nf6 5. O-O d6 6. c4 g6 7. d4 exd4 8. Nxd4 Bd7 9. Nc3 Bg7 10. Nxc6 Bxc6 11. Bxc6+ bxc6 12. Qa4 Qd7 13. e5 dxe5 14. Rd1 Qe6 15. Nd5 Rc8 16. Nxf6+ Qxf6 17. Qa3 Qe7 18. Qxa6 O-O 19. Qxc6 e4 20. Rb1 Rfd8 21. Be3 Rd3 22. Re1 Re8 23. a4 Rb3 24. a5 Rxb2 25. Rxb2 Bxb2 26. a6 Qe6 27. Qb7 Qxc4 28. Qxb2 Qxa6 29. h3 1-0

[Event "Hold-DM i hurtigskak 2025"]
[Site "Middelfart"]
[Date "2025.06.08"]
[Round "2.1"]
[White "Light, Bjarne"]
[Black "Fedder, Steen"]
[Result "1-0"]
[WhiteElo "2238"]
[BlackElo "2406"]
[EventDate "2025.06.08"]
[EventType "team-tourn"]
[EventRounds "6"]
[EventCountry "DEN"]
[SourceTitle "Live v. Kasper Jerwiarz"]
[WhiteTeam "Fredericia Skakforening"]
[BlackTeam "FOHR"]

1. c4 e6 2. Nf3 Nf6 3. e3 b6 4. Nc3 Bb7 5. b3 Be7 6. Bb2 O-O 7. Be2 d6 8. Qc2 Nbd7 9. Rg1 e5 10. g4 e4 11. Nd4 Nc5 12. b4 Nd3+ 13. Bxd3 exd3 14. Qxd3 Nd7 15. Nd5 Ne5 16. Qe2 c5 17. Nf5 Bxd5 18. cxd5 Bf6 19. d4 cxd4 20. Bxd4 Ng6 21. Qb2 Bxd4 22. Qxd4 Ne5 23. Ke2 f6 24. f4 Ng6 25. Qd3 Re8 26. Kf3 Qd7 27. Nd4 Nf8 28. g5 fxg5 29. Rxg5 Re7 30. Nf5 Rae8 31. Rag1 Ng6 32. Nxe7+ Rxe7 33. R5g3 Rf7 34. Kg2 Qb7 35. h3 Nh4+ 36. Kh2 g6 37. Rc1 Qe7 38. Rc8+ Kg7 39. Qc3+ Kh6 40. Qd3 Nf5 41. Rf3 Nh4 42. Rf2 Rf5 43. e4 Rh5 44. Qe3 Nf5 45. Qf3 Nh4 46. Qd3 g5 47. Qd2 Ng6 48. fxg5+ Kg7 49. Qc3+ 1-0

[Event "Hold-DM i hurtigskak 2025"]
[Site "Middelfart"]
[Date "2025.06.08"]
[Round "2.2"]
[White "Hansen, Jacob Ost"]
[Black "Friis, Carsten Bank"]
[Result "0-1"]
[WhiteElo "2328"]
[BlackElo "2213"]
[EventDate "2025.06.08"]
[EventType "team-tourn"]
[EventRounds "6"]
[EventCountry "DEN"]
[SourceTitle "Live v. Kasper Jerwiarz"]
[WhiteTeam "FOHR"]
[BlackTeam "Fredericia Skakforening"]

1. g3 d5 2. Nf3 c5 3. Bg2 Nc6 4. d3 Nf6 5. O-O e6 6. Nbd2 Be7 7. e4 O-O 8. Re1 dxe4 9. dxe4 e5 10. c3 Be6 11. Qe2 h6 12. Nc4 Qc7 13. a4 Rad8 14. Nh4 Rfe8 15. Nf5 Bf8 16. h3 Kh7 17. Nfe3 b6 18. Rf1 Qd7 19. Kh2 Qd3 20. Qxd3 Rxd3 21. Re1 Red8 22. f3 Ne8 23. Bf1 Bxc4 24. Nxc4 Rxf3 25. a5 Nd6 26. Kg2 Rxf1 27. Rxf1 Nxc4 28. axb6 axb6 29. Rxf7 N6a5 30. Kf2 Kg8 31. Rf3 Nb3 0-1

[Event "Hold-DM i hurtigskak 2025"]
[Site "Middelfart"]
[Date "2025.06.08"]
[Round "2.3"]
[White "Madsen, Michael Baehring"]
[Black "Hoi, Carsten"]
[Result "0-1"]
[WhiteElo "2124"]
[BlackElo "2320"]
[EventDate "2025.06.08"]
[EventType "team-tourn"]
[EventRounds "6"]
[EventCountry "DEN"]
[SourceTitle "Live v. Kasper Jerwiarz"]
[WhiteTeam "Fredericia Skakforening"]
[BlackTeam "FOHR"]

1. d4 d5 2. Nf3 Nf6 3. g3 g6 4. Bg2 Bg7 5. O-O O-O 6. b3 c5 7. e3 Nc6 8. Bb2 cxd4 9. Nxd4 Bg4 10. Qc1 Qd7 11. Nxc6 bxc6 12. c4 h5 13. h4 Bh3 14. Nd2 Bxg2 15. Kxg2 Qf5 16. Qb1 Ne4 17. Bxg7 Kxg7 18. Qb2+ f6 19. cxd5 cxd5 20. Rac1 Rac8 21. Nxe4 dxe4 22. Qd4 a5 23. Rc4 Rxc4 24. bxc4 g5 25. hxg5 Qf3+ 26. Kg1 h4 27. Qd1 Qf5 28. gxf6+ Rxf6 29. Qd5 e5 30. Qd2 hxg3 31. f4 exf3 32. Qxa5 f2+ 0-1

[Event "Hold-DM i hurtigskak 2025"]
[Site "Middelfart"]
[Date "2025.06.08"]
[Round "2.4"]
[White "Rosenlund, Thorbjorn"]
[Black "Christensen, Hans Ulrich Falk Normark"]
[Result "1-0"]
[WhiteElo "2029"]
[BlackElo "1985"]
[EventDate "2025.06.08"]
[EventType "team-tourn"]
[EventRounds "6"]
[EventCountry "DEN"]
[SourceTitle "Live v. Kasper Jerwiarz"]
[WhiteTeam "FOHR"]
[BlackTeam "Fredericia Skakforening"]

1. Nf3 Nf6 2. c4 c5 3. g3 b6 4. Bg2 Bb7 5. O-O d5 6. cxd5 Bxd5 7. Nc3 Bc6 8. d4 cxd4 9. Nxd4 Bxg2 10. Kxg2 e6 11. Qa4+ Qd7 12. Ndb5 Qb7+ 13. f3 Nbd7 14. Bf4 Rc8 15. Qxa7 Qxa7 16. Nxa7 Rc4 17. Nab5 e5 18. Bg5 Bb4 19. a3 Be7 20. Rfd1 Rc6 21. Rac1 h6 22. Be3 O-O 23. Nd5 Nxd5 24. Rxd5 Rxc1 25. Bxc1 Rd8 26. b4 Kf8 27. Be3 Nf6 28. Rxe5 Nd5 29. Bf2 Bf6 30. Re4 Bb2 31. Rc4 Ra8 32. Rc2 Bf6 33. e4 Ne7 34. Rc7 Nc8 35. Rb7 Bd8 36. e5 g5 37. f4 Ke8 38. Kf3 1-0

[Event "Hold-DM i hurtigskak 2025"]
[Site "Middelfart"]
[Date "2025.06.08"]
[Round "2.1"]
[White "Skonnord, Uno"]
[Black "Veiergang, Oscar Jacob"]
[Result "1-0"]
[WhiteElo "2172"]
[BlackElo "2028"]
[EventDate "2025.06.08"]
[EventType "team-tourn"]
[EventRounds "6"]
[EventCountry "DEN"]
[SourceTitle "Live v. Kasper Jerwiarz"]
[WhiteTeam "OBRO"]
[BlackTeam "Skak for Sjov"]

1. e4 e6 2. d4 d5 3. Nc3 dxe4 4. Nxe4 Nd7 5. Nf3 Ngf6 6. Nxf6+ Nxf6 7. Ne5 Be7 8. Bd3 O-O 9. O-O c5 10. dxc5 Bxc5 11. Qf3 Qc7 12. Bf4 Bd6 13. Rfe1 a6 14. Qh3 g6 15. Rad1 Nd5 16. Bg3 b5 17. Qh6 Ne7 18. Be4 Nf5 19. Bxf5 1-0